000 00531nam a2200193 a 4500
001 23659
003 CO-ViMGA
008 141112s2004 ck r 000 u spa d
020 _a9789583023774
040 _aCO-ViMGA
_bspa
_cCO-ViMGA
082 0 4 _aFOGs
100 1 _aFogato, Valeria
_934192
245 1 0 _aLa sombra de la sirena /
_cValeria Fogato
260 _aColombia :
_bpanAméricana
300 _a32p.
650 1 4 _a2 : MARINOS - CUENTOS INFANTILES
_934193
650 1 4 _aCUENTOS INFANTILES ITALIANOS
_94586
942 _2ddc
_cBK
999 _c31767
_d31767